ბათუმის შოთა რუსთაველის სახელმწიფო უნივერსიტეტის ბიბლიოთეკა

Политическая наука.№3 2013 (ბიბ.ჩანაწერი № 41469)

000 -LEADER
fixed length control field 00686nam a2200205Ia 4500
001 - CONTROL NUMBER
control field 8136
003 - CONTROL NUMBER IDENTIFIER
control field GE_BSU
008 - FIXED-LENGTH DATA ELEMENTS--GENERAL INFORMATION
fixed length control field 181216s||||||||xx |||||||||||||| ||und||
040 ## - CATALOGING SOURCE
Transcribing agency GE_BSU
245 ## - TITLE STATEMENT
Title Политическая наука.№3 2013
245 ## - TITLE STATEMENT
Remainder of title Науч.журн.религия и политика.
245 ## - TITLE STATEMENT
Statement of responsibility, etc. Ред.кол.Мелешкина Е.Ю.(гл.ред.и др.)
260 ## - PUBLICATION, DISTRIBUTION, ETC.
Place of publication, distribution, etc. москва.
260 ## - PUBLICATION, DISTRIBUTION, ETC.
Name of publisher, distributor, etc. Инион ран.
260 ## - PUBLICATION, DISTRIBUTION, ETC.
Date of publication, distribution, etc. 2013.
300 ## - PHYSICAL DESCRIPTION
Extent 360ст,20см.
520 ## - SUMMARY, ETC.
Summary, etc. Центр социальных научно-информациионных исследований.
653 ## - INDEX TERM--UNCONTROLLED
Uncontrolled term Политическая наука.
942 ## - ADDED ENTRY ELEMENTS (KOHA)
Koha item type პერიოდიკა
ეგზემპლარები
Withdrawn status Lost status Damaged status Not for loan Date acquired Barcode Date last seen Price effective from Koha item type
        2018-12-17 p75906 2018-12-17 2018-12-17 პერიოდიკა